MyGZULibrary

Moving out of poverty, volume 1: (Record no. 7378)

MARC details
000 -LEADER
fixed length control field 02280cam a2200505 a 4500
001 - CONTROL NUMBER
control field 15118174
003 - CONTROL NUMBER IDENTIFIER
control field GZU
005 - DATE AND TIME OF LATEST TRANSACTION
control field 20210510102914.0
008 - FIXED-LENGTH DATA ELEMENTS--GENERAL INFORMATION
fixed length control field 071219m20079999enka b i001 0 eng
010 ## - LIBRARY OF CONGRESS CONTROL NUMBER
LC control number 2007300362
015 ## - NATIONAL BIBLIOGRAPHY NUMBER
National bibliography number GBA764113
Source bnb
016 7# - NATIONAL BIBLIOGRAPHIC AGENCY CONTROL NUMBER
Record control number 013818132
Source Uk
020 ## - INTERNATIONAL STANDARD BOOK NUMBER
International Standard Book Number 9780821371114 (v. 1 : hbk.)
020 ## - INTERNATIONAL STANDARD BOOK NUMBER
International Standard Book Number 0821371118 (v. 1 : hbk.)
020 ## - INTERNATIONAL STANDARD BOOK NUMBER
International Standard Book Number 9780821369913 (v. 1 : pbk.)
020 ## - INTERNATIONAL STANDARD BOOK NUMBER
International Standard Book Number 0821369911 (v. 1 : pbk.)
020 ## - INTERNATIONAL STANDARD BOOK NUMBER
International Standard Book Number 9780821372159 (v. 2 : pbk.)
020 ## - INTERNATIONAL STANDARD BOOK NUMBER
International Standard Book Number 9780821378366 (v. 2 : hbk.)
020 ## - INTERNATIONAL STANDARD BOOK NUMBER
International Standard Book Number 9780821372173 (v. 3 : pbk.)
020 ## - INTERNATIONAL STANDARD BOOK NUMBER
International Standard Book Number 9780821376317 (v. 4 : pbk.)
035 ## - SYSTEM CONTROL NUMBER
System control number (OCoLC)ocn165409566
040 ## - CATALOGING SOURCE
Original cataloging agency UKM
Transcribing agency UKM
Modifying agency BTCTA
-- BAKER
-- YDXCP
-- C#P
-- BWX
-- DLC
042 ## - AUTHENTICATION CODE
Authentication code lccopycat
050 00 - LIBRARY OF CONGRESS CALL NUMBER
Classification number HC59.72 MOV 2007
Item number M68 2007
082 04 - DEWEY DECIMAL CLASSIFICATION NUMBER
Classification number 339.46091724
Edition number 22
245 00 - TITLE STATEMENT
Title Moving out of poverty, volume 1:
Remainder of title Cross- disciplinary perspectives on mobility /
Statement of responsibility, etc. Deepa Narayan and Patti Petesch, editors
260 ## - PUBLICATION, DISTRIBUTION, ETC.
Place of publication, distribution, etc. Basingstoke ;
-- New York :
Name of publisher, distributor, etc. Palgrave ;
Place of publication, distribution, etc. Washington, D.C. :
Name of publisher, distributor, etc. World Bank,
Date of publication, distribution, etc. c2007-<c2010 >
300 ## - PHYSICAL DESCRIPTION
Extent v. <1-4 > :
Other physical details ill. ;
Dimensions 24 cm.
500 ## - GENERAL NOTE
General note Includes bibliography
504 ## - BIBLIOGRAPHY, ETC. NOTE
Bibliography, etc. note Includes bibliographical references and index.
505 1# - FORMATTED CONTENTS NOTE
Formatted contents note v. 1. Cross-disciplinary perspectives on mobility / Deepa Narayan and Patti Petesch, editors -- v. 2. Success from the bottom up / Deepa Narayan, Lant Pritchett, and Soumya Kapoor -- v. 3. The promise of empowerment and democracy in India / Deepa Narayan, editor -- v. 4. Rising from the ashes of conflict / Deepa Narayan and Patti Petesch, editors
650 #0 - SUBJECT ADDED ENTRY--TOPICAL TERM
Topical term or geographic name entry element Poverty
Geographic subdivision Developing countries.
650 #0 - SUBJECT ADDED ENTRY--TOPICAL TERM
Topical term or geographic name entry element Social mobility
General subdivision Economic aspects
Geographic subdivision Developing countries.
650 #0 - SUBJECT ADDED ENTRY--TOPICAL TERM
Topical term or geographic name entry element Migrant labor
Geographic subdivision Developing countries.
651 #0 - SUBJECT ADDED ENTRY--GEOGRAPHIC NAME
Geographic name Developing countries
General subdivision Economic conditions.
700 1# - ADDED ENTRY--PERSONAL NAME
Personal name Narayan-Parker, Deepa.
700 1# - ADDED ENTRY--PERSONAL NAME
Personal name Petesch, Patti L.
700 1# - ADDED ENTRY--PERSONAL NAME
Personal name Pritchett, Lant.
700 1# - ADDED ENTRY--PERSONAL NAME
Personal name Kapoor, Soumya.
906 ## - LOCAL DATA ELEMENT F, LDF (RLIN)
a 7
b cbc
c copycat
d 2
e ncip
f 20
g y-gencatlg
942 ## - ADDED ENTRY ELEMENTS (KOHA)
Source of classification or shelving scheme Library of Congress Classification
Koha item type Books
Classification part 59.72
Item part MOV
Call number prefix HC
Holdings
Withdrawn status Lost status Damaged status Not for loan Collection code Home library Current library Shelving location Date acquired Total Checkouts Full call number Barcode Date last seen Copy number Price effective from Koha item type
        Non-fiction Gender Resource Centre Gender Resource Centre General Stacks 05/10/2021   HC59.72 MOV 2007 004418 05/10/2021 c.1 05/10/2021 Books